Loading...
| Fine Arts - Classical Music and Opera | 7 | 7.14 | 43% | 29% | 0% |
| Fine Arts - Other Arts | 9 | 14.44 | 89% | 44% | 11% |
| Fine Arts - Painting and Sculpture | 7 | 14.29 | 100% | 43% | 0% |
| Geography | 3 | 10.00 | 67% | 33% | 0% |
| History - American History | 6 | 20.00 | 83% | 100% | 17% |
| History - European History | 6 | 15.00 | 83% | 67% | 0% |
| History - Other History | 7 | 11.43 | 71% | 29% | 14% |
| History - World History | 6 | 20.00 | 100% | 67% | 33% |
| Literature - American Literature | 7 | 14.29 | 86% | 43% | 14% |
| Literature - British Literature | 3 | 10.00 | 100% | 0% | 0% |
| Literature - European Literature | 3 | 13.33 | 100% | 33% | 0% |
| Literature - World Literature | 4 | 17.50 | 100% | 75% | 0% |
| Modern World | 3 | 10.00 | 100% | 0% | 0% |
| Mythology | 3 | 16.67 | 100% | 33% | 33% |
| Other Academic | 2 | 10.00 | 100% | 0% | 0% |
| Other Culture | 1 | 10.00 | 100% | 0% | 0% |
| Other Science (Computer Science) | 2 | 5.00 | 50% | 0% | 0% |
| Other Science (Earth Science) | 1 | 0.00 | 0% | 0% | 0% |
| Other Science (Math) | 2 | 5.00 | 50% | 0% | 0% |
| Other Science (Mixed/Any) | 1 | 10.00 | 100% | 0% | 0% |
| Philosophy | 5 | 12.00 | 80% | 40% | 0% |
| Religion | 4 | 12.50 | 75% | 50% | 0% |
| Science - Biology | 5 | 8.00 | 80% | 0% | 0% |
| Science - Chemistry | 1 | 20.00 | 100% | 100% | 0% |
| Science - Physics | 2 | 5.00 | 50% | 0% | 0% |
| Social Science | 4 | 15.00 | 100% | 50% | 0% |